000 00495nam a2200193Ia 4500
003 GCL
008 140319s9999 xx 000 0 eng d
040 _aGCL /
_cGCL
082 0 4 _a720.9
_bW E
100 1 _aWATKIN, DAVID
245 1 0 _aENGLISH ARCHITECTURE: A CONCISE HISTORY /
_cWATKIN, DAVID
260 _a[S.N] :
_bTHAMES AND HUDSON ،
_c1985
300 _a216
650 0 4 _aBUILDINGS
650 0 4 _aARTS
650 0 4 _aARCHITECTURE
650 0 4 _aARCHITECTURE, ENGLISH
942 _2ddc
_cBK
999 _c17485
_d17485